[Event "Pohar mesta Ricany 2010 - cena Klidneho mesta"]
[Site "http://www.openricany.cz"]
[Date "2010.08.23"]
[Round "4.42"]
[White "Jirousek, Filip"]
[Black "Cerny, Michal"]
[Result "1-0"]
[WhiteElo "1787"]
[BlackElo "1947"]

1. e4 e5 2. f4 exf4 3. Nf3 Nf6 4. e5 Nd5 5. c4 Nb6 6. d4 Bb4+ 7. Bd2 Bxd2+
8. Qxd2 d5 9. c5 Nc4 10. Bxc4 dxc4 11. Qxf4 Nc6 12. Nc3 Be6 13. O-O-O Nb4 14. d5
Nxd5 15. Qxc4 c6 16. Qb3 Qe7 17. Nxd5 Qxc5+ 18. Qc3 Qxc3+ 19. Nxc3 O-O 20. Rd6
Rfd8 21. Rhd1 Rxd6 22. Rxd6 h6 23. Nd4 1-0

[Event "Pohar mesta Ricany 2010 - cena Klidneho mesta"]
[Site "http://www.openricany.cz"]
[Date "2010.08.23"]
[Round "4.30"]
[White "Matejovsky, Ondrej"]
[Black "Havlicek, Pavel"]
[Result "1-0"]
[WhiteElo "2037"]
[BlackElo "1810"]

1. e4 e5 2. Bc4 Nf6 3. Nc3 Nc6 4. d3 h6 5. Nge2 Na5 6. Bb5 c6 7. Ba4 b5 8. Bb3
b4 9. Na4 Be7 10. h3 O-O 11. Be3 d5 12. exd5 cxd5 13. d4 Nc6 14. dxe5 Nxe5
15. O-O Ba6 16. Re1 Bc8 17. Nd4 Bd7 18. Bxh6 Nc4 19. Bg5 Re8 20. c3 Bxa4
21. Bxa4 Nxb2 22. Qb3 Nxa4 23. Qxa4 bxc3 24. Nf5 Rc8 25. Rxe7 Rxe7 26. Bxf6 gxf6
27. Nxe7+ 1-0

[Event "Pohar mesta Ricany 2010 - cena Klidneho mesta"]
[Site "http://www.openricany.cz"]
[Date "2010.08.23"]
[Round "4.11"]
[White "Petras, Milan"]
[Black "Pospisil, Evzen"]
[Result "1-0"]
[WhiteElo "2018"]
[BlackElo "2161"]

1. e4 c5 2. g3 Nc6 3. Bg2 g6 4. Nc3 Bg7 5. f4 e6 6. Nge2 Nge7 7. O-O O-O 8. f5
exf5 9. d3 d6 10. Bg5 Qb6 11. Rb1 Be6 12. Nd5 Qd8 13. exf5 Bxf5 14. Rxf5 gxf5
15. Nf6+ Bxf6 16. Bxf6 h6 17. Nc3 Qd7 18. Qh5 Kh7 19. Re1 Ng8 20. Nd5 Nb4
21. Bh3 Nxf6 22. Nxf6+ Kg7 23. Nxd7 Rfe8 24. Rxe8 Rxe8 25. Bxf5 Nxc2 26. Qg4+
1-0

[Event "Pohar mesta Ricany 2010 - cena Klidneho mesta"]
[Site "http://www.openricany.cz"]
[Date "2010.08.23"]
[Round "4.1"]
[White "Vybiral, Zdenek"]
[Black "Mejzlik, Ondrej"]
[Result "1/2-1/2"]
[WhiteElo "2232"]
[BlackElo "2037"]

1. d4 d5 2. c4 e6 3. Nc3 f5 4. Nf3 Nf6 5. Bf4 Bd6 6. e3 O-O 7. Bd3 c6 8. O-O
Ne4 9. Qc2 h6 10. Bxd6 Qxd6 11. Ne5 Nd7 12. Nxd7 Bxd7 13. c5 Qc7 14. f4 b6
15. b4 Nxc3 16. Qxc3 Rfb8 17. Rfc1 a5 18. a4 bxc5 19. bxc5 Rb4 20. Rcb1 Rab8
21. Qc2 Bc8 22. h3 Qa7 23. Qe2 g6 24. h4 h5 25. Kh2 Kf7 26. Rxb4 Rxb4 27. Rb1
Qb8 28. Qe1 Rxb1 29. Qxb1 Qxb1 30. Bxb1 Ba6 31. Kg3 Bc4 1/2-1/2

[Event "Pohar mesta Ricany 2010 - cena Klidneho mesta"]
[Site "http://www.openricany.cz"]
[Date "2010.08.23"]
[Round "4.29"]
[White "Voracek, Zdenek"]
[Black "Sargsyan, Karen"]
[Result "0-1"]
[WhiteElo "2056"]
[BlackElo "1841"]

1. d4 d5 2. c4 Nf6 3. cxd5 Nxd5 4. e4 Nb6 5. Nc3 g6 6. Be3 Bg7 7. Bd3 O-O
8. Nge2 Nc6 9. Bb5 Na5 10. b3 a6 11. Bd3 Nc6 12. Bc2 e6 13. Qd2 Qe7 14. O-O Bd7
15. Rac1 Rad8 16. Rfd1 Qb4 17. e5 Bc8 18. Bg5 f6 19. exf6 Bxf6 20. Ne4 Bxg5
21. Qxg5 Qe7 22. Qg3 Nd5 23. Nc5 Qf6 24. Be4 Nce7 25. Nd3 c6 26. Qb8 Nf5 27. Nc5
Nh4 28. Qg3 Nf5 29. Qe5 Qf7 30. a3 Nd6 31. Bf3 Qe7 32. Ng3 Nf7 33. Qe4 Ng5
34. Qe5 Rxf3 35. h4 Nf7 36. Qe2 Rc3 37. h5 Rxc1 38. Rxc1 Qg5 39. Re1 Nf4 0-1

[Event "Pohar mesta Ricany 2010 - cena Klidneho mesta"]
[Site "http://www.openricany.cz"]
[Date "2010.08.23"]
[Round "4.15"]
[White "Janicek, Jindrich"]
[Black "Mejzr, Jan"]
[Result "0-1"]
[WhiteElo "2063"]
[BlackElo "1863"]

1. Nf3 c5 2. c4 e6 3. Nc3 Nc6 4. g3 Nf6 5. Bg2 d6 6. O-O Bd7 7. d4 cxd4 8. Nxd4
a6 9. b3 Qc7 10. Bb2 Be7 11. Rc1 O-O 12. Nd5 exd5 13. cxd5 Nxd5 14. Bxd5 Qb6
15. Qd2 Rac8 16. Be4 Be6 17. Nf5 Bxf5 18. Bxf5 Rcd8 19. e4 Rfe8 20. Kg2 Bf8
21. Rfe1 Qb5 22. Bg4 a5 23. Be2 Qb6 24. Bc4 Ne5 25. Bd5 Qa6 26. Rc7 Re7 27. Rec1
Qd3 28. Qf4 Rdd7 29. Rxd7 Nxd7 30. Qxd6 Qe2 31. Bd4 Nf6 32. Bxf6 Re6 33. Qc7
Rxf6 34. Qc2 Rxf2+ 0-1

[Event "Pohar mesta Ricany 2010 - cena Klidneho mesta"]
[Site "http://www.openricany.cz"]
[Date "2010.08.23"]
[Round "4.41"]
[White "Nepustil, Frantisek"]
[Black "Luzikova, Nicola"]
[Result "0-1"]
[WhiteElo "1952"]
[BlackElo "1740"]

1. e4 d5 2. exd5 Nf6 3. d4 Nxd5 4. Nf3 Bg4 5. Be2 e6 6. O-O Be7 7. h3 Bh5 8. c4
Nb6 9. Be3 O-O 10. Nc3 Nc6 11. g4 Bg6 12. Qd2 h6 13. Rfd1 Bf6 14. Bd3 Bxd3
15. Qxd3 Qe7 16. Ne4 Rad8 17. Kh2 Ne5 18. Nxf6+ gxf6 19. Bxh6 Nxd3 0-1

[Event "Pohar mesta Ricany 2010 - cena Klidneho mesta"]
[Site "http://www.openricany.cz"]
[Date "2010.08.23"]
[Round "4.28"]
[White "Skacel, Jan"]
[Black "Forman, Miroslav"]
[Result "1-0"]
[WhiteElo "2073"]
[BlackElo "1891"]

1. d4 Nc6 2. e4 e5 3. dxe5 Nxe5 4. Nf3 Nxf3+ 5. Qxf3 Qf6 6. Nc3 Qxf3 7. gxf3 c6
8. b3 g6 9. Bb2 Bg7 10. O-O-O b5 11. Kb1 a5 12. Nxb5 Bxb2 13. Nd6+ Ke7 14. Kxb2
Ba6 15. Rd2 Nf6 16. Bxa6 Rxa6 17. a4 Rd8 18. Rhd1 Ra7 19. Nc4 Rc8 20. Ne3 Ne8
21. f4 Nf6 22. f3 Nh5 23. f5 f6 24. fxg6 hxg6 25. Rg1 Kf7 26. Nc4 Rg8 27. Re1
Nf4 28. e5 f5 29. Rd4 Ne6 30. Rh4 Rg7 31. Rh8 Ke7 32. Nd6 1-0

[Event "Pohar mesta Ricany 2010 - cena Klidneho mesta"]
[Site "http://www.openricany.cz"]
[Date "2010.08.23"]
[Round "4.22"]
[White "Koper, Stefan"]
[Black "Hrdina, Robin"]
[Result "0-1"]
[WhiteElo "2020"]
[BlackElo "1878"]

1. d4 Nf6 2. c4 e6 3. a3 b6 4. Nc3 Bb7 5. Nf3 Be7 6. Bg5 h6 7. Bxf6 Bxf6 8. e4
O-O 9. Be2 d6 10. O-O Nd7 11. Rc1 e5 12. d5 g6 13. Ne1 Bg7 14. Nc2 a5 15. Nb5
Nc5 16. f3 Kh7 17. b4 axb4 18. axb4 Nd7 19. Bd3 Nf6 20. Ne3 Nh5 21. g3 Bc8
22. Ra1 Rxa1 23. Qxa1 Bh3 24. Re1 f5 25. Ng2 Bxg2 26. Kxg2 Qg5 27. Kf1 Qd2
28. Be2 fxe4 29. Qd1 Qxb4 30. Nxc7 Rxf3+ 31. Kg2 Qc5 32. Bxf3 exf3+ 33. Qxf3
Qxc7 34. Qb3 Nf6 35. Qb5 Qc5 36. Qxc5 bxc5 37. h3 h5 38. Ra1 Ne4 39. Ra2 Kh6
40. Kf3 Nc3 41. Ra8 e4+ 42. Kg2 Be5 43. g4 hxg4 44. hxg4 Kg5 45. Re8 e3 46. Kf3
e2 47. Kf2 Kxg4 48. Rxe5 dxe5 49. Ke1 Kf5 0-1

[Event "Pohar mesta Ricany 2010 - cena Klidneho mesta"]
[Site "http://www.openricany.cz"]
[Date "2010.08.23"]
[Round "4.33"]
[White "Kaiser, Rudolf"]
[Black "Cap, Adam"]
[Result "1-0"]
[WhiteElo "1941"]
[BlackElo "1693"]

1. f4 d5 2. Nf3 g6 3. e3 Bg7 4. Be2 Nf6 5. O-O O-O 6. d3 c5 7. a4 Nc6 8. Qe1 b6
9. e4 dxe4 10. dxe4 Bb7 11. Nc3 Nd4 12. Bd1 e6 13. e5 Nxf3+ 14. Bxf3 Nd5 15. Nb5
Qe7 16. Nd6 Bc6 17. c3 Qc7 18. Bd2 Ne7 19. Ne4 Bxe4 20. Bxe4 Rad8 21. Rf3 Nd5
22. Rh3 Qe7 23. g4 f5 24. gxf5 exf5 25. Bc2 Rc8 26. Qe2 Rfd8 27. Bb3 c4 28. Bc2
Bf8 29. Qg2 Qg7 30. Rg3 Qf7 31. b3 Bc5+ 32. Kh1 Ne7 33. b4 Qd5 34. Qxd5+ Rxd5
35. Be1 1-0

[Event "Pohar mesta Ricany 2010 - cena Klidneho mesta"]
[Site "http://www.openricany.cz"]
[Date "2010.08.23"]
[Round "4.16"]
[White "Mrna, Vladimir"]
[Black "Adamik, Frantisek"]
[Result "1-0"]
[WhiteElo "2043"]
[BlackElo "1898"]

1. Nf3 f5 2. g3 d5 3. b3 e6 4. Bb2 Nf6 5. Bg2 c6 6. O-O Bd6 7. d3 Qc7 8. Nbd2
Nbd7 9. e4 fxe4 10. dxe4 e5 11. Re1 d4 12. Bxd4 exd4 13. e5 Nxe5 14. Nc4 O-O
15. Nfxe5 Bb4 16. Re2 Bc3 17. Rb1 Bf5 18. h3 h5 19. Nd3 Rae8 20. Nce5 Re7 21. f4
Rfe8 22. Kh2 Nd7 23. Bf3 Nxe5 24. Nxe5 g6 25. g4 hxg4 26. hxg4 Rh7+ 27. Kg2 d3
28. Nxd3 Rxe2+ 29. Qxe2 Re7 30. Qf2 Bc8 31. Qxa7 Bd2 32. Qd4 g5 33. Rh1 Rg7
34. Ne5 Bxf4 35. Qc4+ Kf8 36. Qc5+ Kg8 37. Rh8+ Kxh8 38. Qf8+ Kh7 39. Be4+ Kh6
40. Qh8+ Rh7 41. Qf6# 1-0

[Event "Pohar mesta Ricany 2010 - cena Klidneho mesta"]
[Site "http://www.openricany.cz"]
[Date "2010.08.23"]
[Round "4.43"]
[White "Feierfeil, Jiri"]
[Black "Losan, Rudolf"]
[Result "1-0"]
[WhiteElo "1932"]
[BlackElo "1780"]

1. d4 Nf6 2. c4 g6 3. Nc3 Bg7 4. e4 d6 5. f3 O-O 6. Be3 Re8 7. Bd3 Nc6 8. Nge2
e5 9. d5 Ne7 10. Qd2 c5 11. g4 Kh8 12. Ng3 Neg8 13. h4 Bxg4 14. fxg4 Nxg4 15. h5
Nxe3 16. Qxe3 Qf6 17. Ke2 Bh6 18. Qf3 Qg5 19. Rad1 Rf8 20. Rhg1 Qh4 21. Rdf1 Qg5
22. Nb1 Qf4 23. Qxf4 Bxf4 24. hxg6 fxg6 25. Nh1 Bh2 26. Rg2 Rxf1 27. Kxf1 Rf8+
28. Rf2 Rxf2+ 29. Nxf2 Nf6 30. Kg2 Bf4 31. Be2 Kg7 32. Nc3 a6 33. Na4 Be3
34. Bf3 h5 35. Nb6 Bd2 36. Bd1 Ba5 37. Na4 b5 38. cxb5 axb5 39. Nc3 b4 40. Nb5
Ne8 41. Be2 Bd8 42. Na7 Bb6 43. Nc8 Bc7 44. Ne7 Kf7 45. Nc6 Nf6 46. Kf3 g5
47. Ke3 g4 48. a4 Nd7 49. b3 Nb6 50. a5 Nd7 51. Nh1 Nb8 52. Nxb8 Bxb8 53. Ng3 h4
54. Nf5 h3 55. Nh6+ Ke7 56. Nxg4 Ba7 57. Kf3 Kd7 58. Bb5+ Kc7 59. Kg3 Kb7
60. Kxh3 Bb8 61. Nh6 Bc7 62. a6+ Kb6 63. Bc4 Bd8 64. Kg4 Be7 65. Kf5 Bf8 66. Nf7
1-0

[Event "Pohar mesta Ricany 2010 - cena Klidneho mesta"]
[Site "http://www.openricany.cz"]
[Date "2010.08.23"]
[Round "4.8"]
[White "Haman, Jakub"]
[Black "Postupa, Pavel ml."]
[Result "1-0"]
[WhiteElo "1968"]
[BlackElo "2149"]

1. e4 c5 2. Nf3 d6 3. d4 cxd4 4. Nxd4 Nf6 5. Nc3 a6 6. Be3 e5 7. Nb3 Be6 8. f4
Ng4 9. Bc1 exf4 10. Bxf4 Nc6 11. Be2 Nge5 12. Qd2 Be7 13. O-O-O O-O 14. Nd5 Bxd5
15. Qxd5 Qc7 16. Kb1 a5 17. Nd4 Nxd4 18. Rxd4 Rfc8 19. c3 a4 20. a3 Ra5 21. Qa2
Bf6 22. Rhd1 Re8 23. Bf3 b5 24. Bxe5 Rxe5 25. Rd5 Re6 26. Ka1 Qb8 27. Qb1 Ra6
28. Qd3 Rb6 29. g4 Be7 30. g5 g6 31. h4 Re5 32. Bg4 Qf8 33. Bd7 Qb8 34. Rf1 Rb7
35. Bc6 Rc7 36. Rxb5 Qc8 37. Rxe5 dxe5 38. Qd5 Bxa3 39. bxa3 Rxc6 40. Qxf7+ Kh8
41. Qe7 1-0

[Event "Pohar mesta Ricany 2010 - cena Klidneho mesta"]
[Site "http://www.openricany.cz"]
[Date "2010.08.23"]
[Round "4.3"]
[White "Vojta, Tomas"]
[Black "Pechacek, Stanislav"]
[Result "1-0"]
[WhiteElo "2380"]
[BlackElo "2131"]

1. e4 c5 2. Nc3 Nc6 3. f4 g6 4. Nf3 Bg7 5. d3 d6 6. g3 Rb8 7. Bg2 b5 8. O-O b4
9. Ne2 Qb6 10. Kh1 a5 11. a4 Ba6 12. Nd2 Nf6 13. Nc4 Qc7 14. h3 h5 15. Be3 Nd7
16. Rb1 Nd4 17. b3 Nxe2 18. Qxe2 Bd4 19. Qf2 Bf6 20. Rbe1 O-O 21. Bf3 Kg7
22. Kg2 Rh8 23. e5 dxe5 24. fxe5 Nxe5 25. Nxe5 Bxe5 26. Bxc5 Bf6 27. Be4 Bb7
28. Bd4 Bxe4+ 29. Rxe4 Qc6 30. Kh2 Rhd8 31. Ba1 h4 32. Rxh4 Rd5 33. Rf4 Rb6
34. Rc4 Qd6 35. Rf4 Rc6 36. Re1 Rdc5 37. Bxf6+ exf6 38. Re2 Qc7 39. Rc4 Rxc4
40. bxc4 Rc5 41. Qd4 Rf5 42. h4 Qc6 43. g4 Rf1 44. Qd5 Qc7+ 45. Kg2 Qf4 46. Qe4
Qc1 47. Qe3 Qa1 48. c5 Rh1 49. Qf2 Qd1 50. g5 fxg5 51. hxg5 Rh5 52. Qf6+ Kf8
53. Qd6+ Kg7 54. Qe5+ Kg8 55. Kf2 Rh1 56. Ke3 Qc1+ 57. Ke4 Rg1 58. c6 Rg4+
59. Kd5 Rxg5 60. c7 Rxe5+ 61. Rxe5 Qxc2 62. Re8+ Kg7 63. c8=Q Qxd3+ 64. Kc5 Qc3+
65. Kb5 Qxc8 66. Rxc8 b3 67. Kxa5 1-0

[Event "Pohar mesta Ricany 2010 - cena Klidneho mesta"]
[Site "http://www.openricany.cz"]
[Date "2010.08.23"]
[Round "4.32"]
[White "Hlina, Milos"]
[Black "Fiala, Jan"]
[Result "0-1"]
[WhiteElo "1892"]
[BlackElo "1984"]

1. d4 c5 2. e3 d5 3. Nf3 Bg4 4. Nbd2 Nc6 5. Be2 e6 6. O-O Nf6 7. b3 b6 8. Bb2
a6 9. c4 Bd6 10. Rc1 Rc8 11. cxd5 exd5 12. Bxa6 Rc7 13. Be2 O-O 14. Ne5 Bxe2
15. Qxe2 Qe8 16. Nxc6 Qxc6 17. Nf3 Ra7 18. dxc5 bxc5 19. a4 Rb8 20. Bxf6 gxf6
21. Nd4 Qd7 22. Nb5 Rab7 23. Qf3 Kg7 24. Rfd1 Rd8 25. Rxd5 Bxh2+ 26. Kxh2 Qxd5
27. Qxd5 Rxd5 28. Rc3 Rbd7 29. Kg3 Rg5+ 30. Kf3 Rd2 31. e4 f5 32. Ke3 Rb2 33. g3
fxe4 34. Nd6 f5 35. Nc4 Ra2 36. Ne5 Rb2 37. Nd7 Rh5 38. Nxc5 Rh2 39. Ne6+ Kf6
40. Nf4 Rhxf2 41. Rc6+ Ke7 42. Kd4 Rbc2 43. Nd5+ Kd7 44. Rxc2 Rxc2 45. Ne3 Rd2+
46. Ke5 Rf2 47. b4 Rf3 48. Kd4 Kc6 49. b5+ Kb6 50. Nc4+ Kb7 51. Ne3 h5 52. a5
Ka7 53. a6 Kb6 54. Nc4+ Kxb5 55. a7 Rd3+ 56. Ke5 Rd8 57. Ne3 Kb6 58. Kxf5 Kxa7
59. Kxe4 Kb6 60. Ng2 Rg8 61. Kf3 Kc6 62. Nf4 Rg5 63. Nh3 Ra5 64. Nf4 Kd6 65. Ng6
Rf5+ 66. Kg2 Ke6 67. Nf4+ Kf6 68. Kh3 Kg5 69. Ne6+ Kh6 70. Nf4 Ra5 71. Ng2 Kg5
72. Nh4 Ra3 73. Ng2 Ra1 74. Nh4 Rf1 75. Kg2 Rb1 76. Kh3 Rc1 77. Nf3+ Kf5
78. Nh4+ Ke4 79. Kg2 Rc2+ 80. Kh3 Ke3 81. Ng2+ Kf2 82. Nf4 Kf3 83. Nxh5 Rc8
84. Kh4 Rg8 85. Kh3 Rg4 86. Kh2 Rg5 87. Nf6 Rxg3 88. Ne4 Rg4 89. Nd2+ Ke3
90. Kh3 Kf4 91. Ne4 Rg6 92. Nc5 Rd6 93. Kg2 Rd5 94. Ne6+ Kg4 95. Kf2 Rf5+
96. Ke3 Re5+ 0-1

[Event "Pohar mesta Ricany 2010 - cena Klidneho mesta"]
[Site "http://www.openricany.cz"]
[Date "2010.08.23"]
[Round "4.26"]
[White "Skalicky Tomas"]
[Black "Macek Kamil"]
[Result "0-1"]
[WhiteElo "1819"]
[BlackElo "1953"]

1. e4 c5 2. c3 d5 3. exd5 Qxd5 4. d4 Nf6 5. Nf3 Bg4 6. Be2 e6 7. O-O Be7 8. Be3
cxd4 9. cxd4 Nc6 10. Nc3 Qd6 11. Nb5 Qd8 12. h3 Bh5 13. Ne5 Bxe2 14. Qxe2 O-O
15. Rac1 Nb4 16. a3 Nbd5 17. f4 Qb6 18. Nc3 Nxe3 19. Qxe3 Qxb2 20. Qf3 Qxa3
21. Qxb7 Rab8 22. Qf3 Rbc8 23. Ne2 Qxf3 24. Nxf3 a5 25. Ra1 Bb4 26. Ne5 Ne4
27. Rf3 Rc2 28. Kf1 Rfc8 29. g4 h6 30. f5 exf5 31. gxf5 Rd2 32. Re3 Rcc2
33. Rxa5 Bxa5 34. Rxe4 Kh7 35. Nxf7 g5 0-1

[Event "Pohar mesta Ricany 2010 - cena Klidneho mesta"]
[Site "http://www.openricany.cz"]
[Date "2010.08.23"]
[Round "4.7"]
[White "Moravec Vit"]
[Black "Vojta Pavel"]
[Result "1/2-1/2"]
[WhiteElo "2065"]
[BlackElo "2161"]

1. e4 e6 2. Nf3 d5 3. e5 c5 4. b4 c4 5. c3 Ne7 6. d3 cxd3 7. Bxd3 Ng6 8. O-O
Be7 9. Qe2 O-O 10. Na3 a6 11. Nc2 Nc6 12. Bd2 Qe8 13. c4 dxc4 14. Bxc4 Bd7
15. a3 Rc8 16. Bd3 f6 17. exf6 Bxf6 (17... Rxf6 18. Rae1 Nge5 19. Ng5 Nxd3
20. Qxd3) 18. Rae1 Nge5 19. Ng5 Nxd3 20. Qxd3 Bxg5 21. Bxg5 Ne7 22. Nd4 Nf5
23. Rc1 Qf7 24. Rxc8 Rxc8 25. Rc1 Rxc1+ 26. Bxc1 Nxd4 27. Qxd4 h6 1/2-1/2

[Event "Pohar mesta Ricany 2010 - cena Klidneho mesta"]
[Site "http://www.openricany.cz"]
[Date "2010.08.23"]
[Round "4.5"]
[White "Rehorek Martin"]
[Black "Hadzala Daniel"]
[Result "1-0"]
[WhiteElo "2280"]
[BlackElo "2105"]

1. e4 e6 2. d4 d5 3. Nd2 Nf6 4. e5 Nfd7 5. Bd3 c5 6. c3 Nc6 7. Ne2 cxd4 8. cxd4
Nb6 9. O-O Bd7 10. f4 g6 11. a3 a5 12. b3 a4 13. b4 h5 14. Nf3 Rc8 15. Ra2 Na7
16. Ng5 Be7 17. h4 Bxg5 18. fxg5 Bb5 19. Nf4 Bxd3 20. Qxd3 Kd7 21. Bd2 Rc4
22. Ne2 Rf8 23. b5 Nbc8 24. Bb4 Ne7 25. Nc3 Nf5 26. Nxa4 Rxd4 27. Qb3 Nc8
28. Rc2 Nb6 29. Nxb6+ Qxb6 30. Bc5 Qd8 31. Rxf5 1-0

[Event "Pohar mesta Ricany 2010 - cena Klidneho mesta"]
[Site "http://www.openricany.cz"]
[Date "2010.08.23"]
[Round "4.38"]
[White "Rydl Jiri"]
[Black "Skokan Frantisek"]
[Result "1-0"]
[WhiteElo "1906"]
[BlackElo "1909"]

1. e4 c5 2. Nc3 Nc6 3. f4 g6 4. Nf3 d6 5. Bb5 Bg7 6. O-O a6 7. Bxc6+ bxc6 8. d3
Nf6 9. Qe1 O-O 10. Qh4 Nd7 11. g4 Rb8 12. f5 e6 13. Bg5 f6 14. fxg6 hxg6 15. Bh6
Rxb2 16. g5 Qe7 17. Nd1 Rb8 18. Ne3 f5 19. Rab1 Bxh6 20. Qxh6 Qh7 21. Qxh7+ Kxh7
22. exf5 exf5 23. Nc4 d5 24. Rfe1 Kg8 25. Nd6 Rd8 1-0

[Event "Pohar mesta Ricany 2010 - cena Klidneho mesta"]
[Site "http://www.openricany.cz"]
[Date "2010.08.23"]
[Round "4.20"]
[White "Vorackova Jarmila"]
[Black "Vevera Radek"]
[Result "1/2-1/2"]
[WhiteElo "1932"]
[BlackElo "2044"]

1. d4 d5 2. c4 e6 3. Nc3 Nf6 4. cxd5 exd5 5. Bg5 Nbd7 6. Nf3 Be7 7. e3 c6
8. Qc2 O-O 9. Bd3 Re8 10. O-O Nf8 11. Bxf6 Bxf6 12. b4 Bg4 13. Nd2 a6 14. a4 Qd6
15. Qb3 Bd8 16. Rfc1 Bc7 17. Nf1 Re6 18. Ne2 Rh6 19. Neg3 Qf6 20. b5 axb5
21. axb5 c5 22. Qxd5 cxd4 23. exd4 Bb6 24. Ra4 Bd1 25. Rb4 1/2-1/2

[Event "Pohar mesta Ricany 2010 - cena Klidneho mesta"]
[Site "http://www.openricany.cz"]
[Date "2010.08.23"]
[Round "4.34"]
[White "Minasjan, Garegin"]
[Black "Ries, Vilem"]
[Result "0-1"]
[WhiteElo "1841"]
[BlackElo "1943"]

1. e4 Nf6 2. Nc3 e5 3. Nf3 Nc6 4. d4 exd4 5. Nd5 Be7 6. Bf4 d6 7. Nxd4 O-O
8. Bb5 Nxd4 9. Qxd4 Nxd5 10. exd5 Bf6 11. Qb4 a6 12. Bd3 Re8+ 13. Kd2 a5 14. Qb3
Bg5 15. Be3 Bxe3+ 16. fxe3 Qg5 17. Bf1 a4 18. Qd3 Bf5 19. Qd4 Re4 20. Qc3 Rae8
21. Re1 Bg6 22. a3 Qxd5+ 23. Qd3 Qc6 24. Qc3 Qd5+ 25. Qd3 Qg5 26. Qc3 R4e5
27. b4 axb3 28. Qxb3 Rc5 29. c4 Be4 30. Rg1 d5 31. Kc1 dxc4 32. Qc3 Rb5 33. Bxc4
Rc5 34. a4 Qe5 35. Kb2 Rxc4 36. Qxe5 Rxe5 37. Rd1 h6 38. Kb3 Rc2 39. Rd4 Bg6
40. e4 Rxe4 41. Rd8+ Kh7 42. Kxc2 Rd4+ 43. Kc3 Rxd8 44. Kb4 Rd2 45. h3 Rc2 0-1

[Event "Pohar mesta Ricany 2010 - cena Klidneho mesta"]
[Site "http://www.openricany.cz"]
[Date "2010.08.23"]
[Round "4.14"]
[White "Rut, Vojtech"]
[Black "Postupa, Pavel sen."]
[Result "1-0"]
[WhiteElo "1972"]
[BlackElo "2072"]

1. e4 c5 2. Nf3 e6 3. b3 Nc6 4. Bb2 Nge7 5. e5 d5 6. exd6 Nf5 7. Bd3 Nfd4
8. O-O Qf6 9. Nxd4 cxd4 10. f4 Bxd6 11. Qf3 a6 12. Na3 Bc5 13. Kh1 Bd7 14. Rae1
O-O 15. Bxh7+ Kxh7 16. Qh5+ Kg8 17. Qxc5 Qg6 18. Rf3 b5 19. Bxd4 Nxd4 20. Qxd4
Bc6 21. Rg3 Qh6 22. Re5 Rad8 23. Qc3 f6 24. Re1 Ba8 25. Qe3 Rfe8 26. d3 e5
27. f5 Qxe3 28. Rgxe3 Rd4 29. Kg1 Kf7 30. g3 Red8 31. Nb1 Bb7 32. Nd2 Rc8
33. Rc1 Rc3 34. Kf2 Rd8 35. Ne4 Rc7 36. g4 Ke7 37. Ke2 Rd4 38. c3 Rd8 39. c4 Rh8
40. h3 b4 41. Rd1 Rd8 42. Rg3 Bxe4 43. dxe4 Rxd1 44. Kxd1 Rd7+ 45. Ke2 Rd4
46. Re3 a5 47. h4 Kf8 48. g5 fxg5 49. hxg5 Kf7 50. c5 Ke7 51. g6 Kf6 52. c6 Rd6
53. Rd3 Rxc6 54. Kd2 Rc5 55. Rd7 a4 56. Rf7+ Kg5 57. Rxg7 axb3 58. axb3 Rc3
59. Rb7 1-0

[Event "Pohar mesta Ricany 2010 - cena Klidneho mesta"]
[Site "http://www.openricany.cz"]
[Date "2010.08.23"]
[Round "4.40"]
[White "Lexa Vaclav"]
[Black "Tadeusz Agacinski"]
[Result "1/2-1/2"]
[WhiteElo "1909"]
[BlackElo "2063"]

1. d4 Nf6 2. c4 e6 3. Nc3 Bb4 4. Qc2 c5 5. a3 cxd4 6. axb4 dxc3 7. bxc3 O-O
8. Nf3 d5 9. e3 a6 10. Bb2 dxc4 11. Bxc4 b6 12. O-O Bb7 13. Bd3 Qc7 14. e4 Nbd7
1/2-1/2

[Event "Pohar mesta Ricany 2010 - cena Klidneho mesta"]
[Site "http://www.openricany.cz"]
[Date "2010.08.23"]
[Round "4.23"]
[White "Sochorova Jana"]
[Black "Zvara David"]
[Result "0-1"]
[WhiteElo "1919"]
[BlackElo "2010"]

1. Nf3 Nf6 2. d4 d5 3. c4 e6 4. Nc3 Be7 5. e3 O-O 6. Be2 b6 7. cxd5 Nxd5
8. Nxd5 exd5 9. O-O c5 10. b3 Bf6 11. Bb2 Re8 12. Rc1 Qd6 13. dxc5 bxc5 14. Bxf6
gxf6 15. Qc2 Na6 16. Rfd1 Be6 17. Bxa6 Qxa6 18. Qxc5 Qxa2 19. Qc3 Kg7 20. Ra1
Qe2 21. Nd4 Qh5 22. Qc7 Kg8 23. Rdc1 Qe5 24. Rxa7 Rac8 25. Nxe6 Rxc7 26. Nxc7
Rc8 27. b4 Qb2 28. Rd1 Qc2 0-1

[Event "Pohar mesta Ricany 2010 - cena Klidneho mesta"]
[Site "http://www.openricany.cz"]
[Date "2010.08.23"]
[Round "4.12"]
[White "Schmalz Michal"]
[Black "Sedy Pavel"]
[Result "0-1"]
[WhiteElo "1985"]
[BlackElo "2156"]

1. e4 e5 2. d4 exd4 3. Qxd4 Nc6 4. Qe3 Nf6 5. Nc3 Bb4 6. Bd2 O-O 7. O-O-O Re8
8. Qg3 Nxe4 9. Nxe4 Rxe4 10. c3 Be7 11. Bd3 Bh4 12. Qf3 Ra4 13. Re1 d6 14. Bb5
Rxa2 15. Kb1 Ra5 16. c4 Nd4 0-1

[Event "Pohar mesta Ricany 2010 - cena Klidneho mesta"]
[Site "http://www.openricany.cz"]
[Date "2010.08.23"]
[Round "4.19"]
[White "Suchomel Ales"]
[Black "Ruzicka Vaclav jun."]
[Result "1/2-1/2"]
[WhiteElo "1926"]
[BlackElo "2057"]

1. d4 Nf6 2. c4 e5 3. dxe5 Ng4 4. Bf4 Nc6 5. Nf3 Bb4+ 6. Nbd2 Qe7 7. a3 Ncxe5
8. Nxe5 Nxe5 9. Bxe5 Bxd2+ 10. Qxd2 Qxe5 11. e3 d6 12. Be2 Be6 13. O-O h5
14. Qd4 Qxd4 15. exd4 d5 16. c5 Kd7 17. Bd3 Rae8 18. Rfe1 h4 19. f4 1/2-1/2

[Event "Pohar mesta Ricany 2010 - cena Klidneho mesta"]
[Site "http://www.openricany.cz"]
[Date "2010.08.23"]
[Round "4.21"]
[White "Paukert, Jan"]
[Black "Hulin, Petr"]
[Result "0-1"]
[WhiteElo "1928"]
[BlackElo "2037"]

1. d4 Nf6 2. Nf3 e6 3. g3 b6 4. Bg2 Bb7 5. O-O Be7 6. c4 O-O 7. Nc3 Ne4 8. Qc2
Nxc3 9. Qxc3 c5 10. dxc5 bxc5 11. Bf4 Bf6 12. Qb3 Qb6 13. Qd3 d5 14. Ne5 Bxe5
15. Bxe5 Nc6 16. Bc3 d4 17. Bd2 Ne5 18. Qc2 Bxg2 19. Kxg2 Qc6+ 20. Kg1 d3 0-1

[Event "Pohar mesta Ricany 2010 - cena Klidneho mesta"]
[Site "http://www.openricany.cz"]
[Date "2010.08.23"]
[Round "4.36"]
[White "Soltys, Roman"]
[Black "Havelka Petr"]
[Result "1/2-1/2"]
[WhiteElo "1659"]
[BlackElo "1923"]

1. d4 d5 2. Nf3 Nf6 3. e3 e6 4. Bd3 Nbd7 5. Nbd2 c5 6. c3 Qc7 7. O-O Bd6 8. Re1
O-O 9. Qe2 b6 10. e4 dxe4 11. Nxe4 cxd4 12. Nxd6 Qxd6 13. Nxd4 Bb7 14. Bg5 Qd5
15. Nf3 h6 16. Bxf6 Nxf6 17. Red1 Qc5 18. Rd2 1/2-1/2